[Event "FIDE Grand Swiss 2021"]
[Site "Riga"]
[Date "05.11.2021"]
[Round "9"]
[White "Svidler, Peter"]
[Black "Onyshchuk, Volodymyr"]
[Result "1-0"]
[WhiteElo "2694"]
[BlackElo "2622"]

1. e4 c6 2. d4 d5 3. e5 Bf5 4. Nd2 e6 5. Nb3 Nd7 6. Nf3 h6 7. Be2 Ne7 8.
O-O g5 9. Bd2 Bg7 10. a4 O-O 11. Bb4 f6 12. exf6 Rxf6 13. Bd6 Rf7 14. Re1
Ng6 15. Bd3 Qf6 16. Ne5 Ngxe5 17. dxe5 Qg6 18. a5 Bxd3 19. cxd3 Bf8 20. a6
b6 21. Nd4 Bxd6 22. exd6 Qf6 23. Nxc6 Qxf2+ 24. Kh1 Qxb2 25. Rxe6 Nc5 26.
Re2 Qf6 27. Ne5 Rff8 28. Rc1 d4 29. d7 Rad8 30. h3 Nxd7 31. Ng4 Qf4 32. Re4
Qd6 33. Qb3+ Kh8 34. Re6 Qf4 35. Rce1 Nf6 36. Ne5 Qf5 37. Re7 Nd5 38. Rxa7
g4 39. Nxg4 Rde8 40. Rg1 h5 41. Nh6 Qe6 42. Qc4 Nf4 43. Qxd4+ Qf6 44. Qxf6+
Rxf6 45. Rb7 Ra8 46. a7 Nxd3 47. Nf7+ 1-0

[Event "FIDE Grand Swiss 2021"]
[Site "Riga"]
[Date "05.11.2021"]
[Round "9"]
[White "Kravtsiv, Martyn"]
[Black "Van Foreest, Jorden"]
[Result "0-1"]
[WhiteElo "2625"]
[BlackElo "2691"]

1. e4 c6 2. d4 d5 3. e5 Bf5 4. Nf3 e6 5. Be2 c5 6. Be3 Qb6 7. Nc3 Nc6 8.
O-O Qxb2 9. Qe1 c4 10. Rb1 Qa3 11. Rxb7 Bb4 12. Nb5 Bxe1 13. Nxa3 Nd8 14.
Rb1 Ba5 15. Nh4 Be4 16. f3 Bg6 17. f4 Be4 18. f5 Ne7 19. f6 gxf6 20. Rxf6
a6 21. Bf3 Bxf3 22. Rxf3 Nec6 23. Bf2 Bb4 24. Rb2 c3 25. Rb3 Rb8 26. Rd3
Bxa3 0-1

[Event "FIDE Grand Swiss 2021"]
[Site "Riga"]
[Date "05.11.2021"]
[Round "9"]
[White "Sethuraman, S.P."]
[Black "Matlakov, Maxim"]
[Result "1/2-1/2"]
[WhiteElo "2620"]
[BlackElo "2682"]

1. e4 e5 2. Nf3 Nc6 3. Bb5 a6 4. Ba4 Nf6 5. d3 d6 6. c3 Be7 7. O-O O-O 8.
Re1 Re8 9. Nbd2 Bf8 10. Nf1 h6 11. Ng3 b5 12. Bb3 Ne7 13. a4 Bd7 14. Nh4 c5
15. h3 Qc7 16. Qf3 c4 17. Bc2 Nh7 18. dxc4 bxc4 19. b4 g6 20. Nf1 Bg7 21.
Ne3 Nf6 22. Ng4 Bxg4 23. hxg4 d5 24. Be3 d4 25. cxd4 exd4 26. Bxd4 Nxg4 27.
Qxg4 Bxd4 28. Rad1 Rad8 29. e5 Bc3 30. Rxd8 Rxd8 31. Re4 Bxe5 32. Rxc4 Qd6
33. g3 h5 34. Qf3 Kg7 35. Bb3 Bf6 36. b5 axb5 37. axb5 Rb8 38. Ba4 Rd8 39.
Bb3 Rb8 40. Ba4 Qd5 41. Qxd5 Nxd5 42. Nf3 Nb6 43. Re4 Nxa4 44. Rxa4 Rxb5
45. g4 h4 46. Kg2 Rb3 47. g5 h3+ 48. Kxh3 Bxg5 49. Kg2 Bd8 50. Nd2 Rd3 51.
Nf3 Bb6 52. Rb4 Rd6 53. Ra4 Rd5 54. Rb4 Ba5 55. Re4 Bc3 56. Rc4 Bf6 57. Kf1
Rb5 58. Kg2 Bd8 59. Nd4 Rb2 60. Rc2 Rb1 61. Rc8 Ba5 62. Rc5 Bd8 63. Rc8 Bf6
64. Rc4 Rb2 65. Kf1 Bd8 66. Ne2 Bb6 67. Rc8 Ba7 68. Rc7 Bb8 69. Rc4 Kh6 70.
Rc5 f6 71. Rc4 g5 72. Rc6 Kg6 73. Ng3 Ba7 74. Ne4 Kf5 75. Ng3+ Ke5 76. Ne2
f5 77. Rc7 Bb6 78. Re7+ Kf6 79. Re8 f4 80. Rf8+ Ke5 81. f3 Be3 82. Re8+ Kf6
83. Ra8 Kg6 84. Rg8+ Kh6 85. Rh8+ Kg7 86. Re8 Kf7 87. Re5 Kf6 88. Re8 g4
89. Nxf4 Bxf4 90. fxg4 Kg5 91. Re2 Rb1+ 92. Re1 Rb3 93. Re2 Be3 94. Rc2
Kxg4 95. Kg2 Bd4 96. Kf1 Kf4 97. Ke2 Ke4 98. Kf1 Rb8 99. Ke2 Rh8 100. Rd2
Bc3 101. Rc2 Rh3 102. Kf1 Bd4 103. Ke2 Rh1 104. Rd2 Rh6 105. Rc2 Rh7 106.
Rd2 Bc3 107. Rc2 Kd4 108. Kf1 Kd3 109. Rg2 Be5 110. Rf2 Rh3 111. Rf8 Ke3
112. Kg2 Rg3+ 113. Kf1 Bd4 114. Ra8 Bc5 115. Rd8 Rg7 116. Rb8 Kf3 117. Ke1
Be3 118. Kd1 Rc7 119. Rb1 Rc3 120. Ra1 Rc8 121. Rb1 Rc7 122. Ra1 Ke4 123.
Ra4+ Bd4 124. Ra2 Bc3 125. Ke2 Bb4 126. Rb2 Rc4 127. Ra2 Rc3 128. Rb2 Bc5
129. Rd2 Bb4 130. Rb2 Re3+ 131. Kf2 Rf3+ 132. Ke2 Bc3 133. Ra2 Rh3 134. Rc2
Kd4 135. Kd1 Kc4 136. Rg2 Re3 137. Re2 Rd3+ 138. Kc2 Rd8 139. Rg2 Ra8 140.
Kd1 Re8 141. Kc2 1/2-1/2

[Event "FIDE Grand Swiss 2021"]
[Site "Riga"]
[Date "05.11.2021"]
[Round "9"]
[White "Henriquez Villagra, Cristobal"]
[Black "Cheparinov, Ivan"]
[Result "1-0"]
[WhiteElo "2608"]
[BlackElo "2659"]

1. d4 Nf6 2. Bf4 d5 3. Nf3 c5 4. e3 Nc6 5. Nbd2 Bg4 6. c3 e6 7. Qa4 Bxf3 8.
Nxf3 Nd7 9. Rd1 a6 10. Qc2 Rc8 11. Qb1 Nf6 12. Bd3 Bd6 13. dxc5 Bxc5 14.
O-O Bd6 15. Bg5 h6 16. Bxf6 Qxf6 17. e4 dxe4 18. Bxe4 Qe7 19. Qd3 Bb8 20.
g3 Na5 21. Qe2 O-O 22. Bd3 b5 23. h4 Nc4 24. Rfe1 Rfd8 25. h5 Qc5 26. Nd4
Ne5 27. Bb1 b4 28. Qe4 bxc3 29. bxc3 Qxc3 30. Kg2 Qc4 31. Qh7+ Kf8 32. Re4
Qc3 33. Nxe6+ fxe6 34. Rf4+ Nf7 35. Rxd8+ Rxd8 36. Qh8+ Ke7 37. Rxf7+ Kxf7
38. Qxd8 1-0

[Event "FIDE Grand Swiss 2021"]
[Site "Riga"]
[Date "05.11.2021"]
[Round "9"]
[White "Ivic, Velimir"]
[Black "Rakhmanov, Aleksandr"]
[Result "1/2-1/2"]
[WhiteElo "2606"]
[BlackElo "2657"]

1. e4 e5 2. Nf3 Nf6 3. d4 Nxe4 4. Bd3 d5 5. Nxe5 Nd7 6. Nc3 Nxc3 7. bxc3
Nxe5 8. dxe5 Bc5 9. O-O O-O 10. Qh5 g6 11. Qh6 Re8 12. Bg5 Bf8 13. Bxd8
Bxh6 14. Bxc7 Bf5 15. Bxf5 gxf5 16. Rad1 Rac8 17. Bd6 Rxc3 18. Rxd5 Rxc2
19. a4 Rd2 20. Rxd2 Bxd2 21. Rd1 Bc3 22. f4 f6 23. Rc1 Bd4+ 24. Kf1 fxe5
25. fxe5 b6 26. Rd1 Be3 27. Ke2 Bh6 28. Kd3 Bg7 29. Re1 Bf8 30. Rf1 Bxd6
31. exd6 Rd8 32. Rxf5 Rxd6+ 33. Ke3 1/2-1/2

[Event "FIDE Grand Swiss 2021"]
[Site "Riga"]
[Date "05.11.2021"]
[Round "9"]
[White "Kovalev, Vladislav"]
[Black "Sindarov, Javokhir"]
[Result "0-1"]
[WhiteElo "2634"]
[BlackElo "2587"]

1. e4 c5 2. Nf3 e6 3. d3 Nc6 4. g3 Nf6 5. Bg2 d5 6. Nbd2 Be7 7. O-O b6 8.
Re1 Bb7 9. a3 Qc7 10. Qe2 O-O 11. e5 Nd7 12. h4 b5 13. Nf1 a5 14. N1h2 Rfc8
15. Bf4 b4 16. c3 bxc3 17. bxc3 Ba6 18. h5 Rab8 19. h6 g6 20. Ng4 Qd8 21.
Qd2 Rb3 22. Bg5 c4 23. dxc4 Bxc4 24. a4 Rcb8 25. Rac1 Rb2 26. Qf4 Nc5 27.
Bxe7 Qxe7 28. Ng5 Nd3 29. Qf6 Qf8 30. Kh2 Nxc1 31. Rxc1 Be2 32. Bf3 Bd3 33.
c4 Bf5 34. cxd5 Nd4 35. Bd1 exd5 36. Rc7 R2b7 37. Rxb7 Rxb7 38. Kg2 Ne6 39.
Nxe6 fxe6 40. Qg5 Be4+ 41. Kh3 Qf5 42. Qd8+ Kf7 43. Qf6+ Qxf6 44. Nxf6 Rb1
45. Be2 Rh1+ 46. Kg4 Rxh6 47. Nxe4 dxe4 48. Kf4 Rh1 49. Kxe4 Rb1 50. Bb5 h5
51. Kf4 Rb4+ 52. Kg5 Rg4+ 53. Kh6 h4 54. gxh4 Rxh4+ 55. Kg5 Rh5+ 56. Kf4
Rf5+ 0-1

[Event "FIDE Grand Swiss 2021"]
[Site "Riga"]
[Date "05.11.2021"]
[Round "9"]
[White "Moussard, Jules"]
[Black "Suleymanli, Aydin"]
[Result "1/2-1/2"]
[WhiteElo "2632"]
[BlackElo "2541"]

1. e4 c6 2. Nc3 d5 3. Nf3 Bg4 4. h3 Bxf3 5. Qxf3 e6 6. Be2 Nf6 7. O-O Be7
8. d3 O-O 9. g4 dxe4 10. dxe4 Nfd7 11. Qg2 e5 12. g5 Bc5 13. h4 Qe7 14. Bg4
Rd8 15. Nd1 Na6 16. Ne3 Bxe3 17. Bxe3 Nf8 18. f4 exf4 19. Bxf4 Rd4 20. Rae1
Re8 21. Bf5 g6 22. Qf2 Rdd8 23. Bh3 Nc5 24. Bd2 Qc7 25. Bc3 Nxe4 26. Rxe4
Rxe4 27. Bg2 Re6 28. Bh3 Re4 29. Bg2 Re6 30. Bh3 Qb6 31. Bxe6 Nxe6 32. Qxb6
axb6 33. a4 Rd5 34. Re1 Kf8 35. Kf2 Ke7 36. Kg3 Kd7 37. Rf1 Rf5 38. Rd1+
Kc8 39. Re1 Kd7 40. Rd1+ Rd5 41. Rf1 Ke8 42. Re1 Rc5 43. Re4 Kd7 44. Rb4
Kc7 45. Re4 b5 46. axb5 cxb5 47. Re2 Rf5 48. Rd2 Kc6 49. Rd1 Nf4 50. Re1
Nh5+ 51. Kg2 Rf4 52. Re7 Rxh4 53. Rxf7 Rg4+ 54. Kf3 Rxg5 55. Rxh7 Rg3+ 56.
Kf2 Rg5 57. Rh8 Nf4 58. Rc8+ Kd7 59. Rb8 Kc7 60. Rg8 Nd5 61. Bd2 Rf5+ 62.
Ke2 Rf6 63. Bg5 Rc6 64. Rg7+ Kb6 65. Kd2 Rd6 66. Kd3 Nf4+ 67. Ke4 Ne6 68.
Be3+ Kc6 1/2-1/2

[Event "FIDE Grand Swiss 2021"]
[Site "Riga"]
[Date "05.11.2021"]
[Round "9"]
[White "Durarbayli, Vasif"]
[Black "Zvjaginsev, Vadim"]
[Result "0-1"]
[WhiteElo "2629"]
[BlackElo "2609"]

1. e4 c5 2. Nf3 Nc6 3. d4 cxd4 4. Nxd4 g6 5. c4 Nf6 6. Nc3 d6 7. Be2 Nxd4
8. Qxd4 Bg7 9. Be3 O-O 10. Qd2 a5 11. f3 a4 12. Rc1 Qa5 13. g4 Be6 14. Nb5
Rfc8 15. Qxa5 Rxa5 16. Kd2 Nd7 17. Nd4 Ne5 18. Nxe6 fxe6 19. h4 Nc6 20. Rb1
a3 21. b4 Ra4 22. b5 Na5 23. c5 dxc5 24. Rhc1 b6 25. Bd1 Rc4 26. Ke2 Kf7
27. Bb3 Rb4 28. Bc2 Rb2 29. f4 Bc3 30. Rxb2 axb2 31. Rb1 Rd8 32. Bd3 e5 33.
f5 Bd4 34. fxg6+ Kxg6 35. Bxd4 exd4 36. e5+ Kg7 37. Rxb2 Rd5 38. Be4 Rxe5
39. Kd3 Nc4 40. Kxc4 Rxe4 41. a4 d3+ 42. Kxd3 Rxa4 43. Re2 Kf7 44. Rf2+ Ke6
45. Rf5 Rxg4 46. Rh5 Kd6 47. Rh6+ e6 48. Rxh7 Rb4 49. h5 Rxb5 50. h6 Rb3+
51. Ke4 Rb4+ 52. Kf3 Rh4 53. Kg3 Rh1 54. Kf4 c4 55. Ke3 Rh4 56. Kd2 Rh3 57.
Rh8 Kc5 58. h7 Kb5 59. Kc2 e5 60. Kd2 e4 61. Kc2 e3 62. Kc3 e2+ 63. Kd2 Re3
0-1

[Event "FIDE Grand Swiss 2021"]
[Site "Riga"]
[Date "05.11.2021"]
[Round "9"]
[White "Ganguly, Surya Shekhar"]
[Black "Zhou, Jianchao"]
[Result "0-1"]
[WhiteElo "2617"]
[BlackElo "2629"]

1. Nf3 Nf6 2. c4 e6 3. Nc3 d5 4. e3 Be7 5. b3 O-O 6. Bb2 dxc4 7. Bxc4 c5 8.
Qc2 b6 9. Ng5 Bb7 10. h4 Nbd7 11. f4 a6 12. Bd3 h6 13. Nce4 Re8 14. Rh3
Nxe4 15. Nxe4 f5 16. Ng5 Bd5 17. g4 hxg5 18. hxg5 Bxg5 19. fxg5 Qxg5 20.
Be2 fxg4 21. Rh2 Nf6 22. O-O-O Qf5 23. Qc3 g3 24. e4 Qg5 25. exd5 gxh2 26.
dxe6 Rxe6 27. Bc4 Qg4 28. Bxe6+ Qxe6 29. Rh1 Qg4 30. Qe5 Qg1+ 31. Kc2 Qxh1
32. Qe6+ Kh8 33. Qh3+ Nh7 34. Bxg7+ Kxg7 35. Qg3+ Kf7 0-1

[Event "FIDE Grand Swiss 2021"]
[Site "Riga"]
[Date "05.11.2021"]
[Round "9"]
[White "Mamedov, Rauf"]
[Black "Nguyen, Thai Dai Van"]
[Result "1/2-1/2"]
[WhiteElo "2673"]
[BlackElo "2577"]

1. e4 e5 2. Nf3 Nf6 3. d4 Nxe4 4. Bd3 d5 5. Nxe5 Nd7 6. Nc3 Nxc3 7. bxc3
Bd6 8. Qh5 g6 9. Qh6 Nxe5 10. dxe5 Bxe5 11. O-O Qf6 12. Rb1 Qg7 13. Qh4 O-O
14. Bh6 Qf6 15. Qxf6 Bxf6 16. Bxf8 Kxf8 17. c4 dxc4 18. Bxc4 a5 19. a4 b6
20. Rbd1 Bf5 21. Rfe1 Kg7 22. Bb3 Rb8 23. h3 h5 24. Rd5 Be6 25. Rxe6 fxe6
26. Rd7+ Kh6 27. Rxc7 Rd8 28. Kf1 Rd6 29. Ke2 h4 30. Bc4 Bd4 31. Bd3 e5 32.
Rc4 Rf6 33. f3 Kg7 34. c3 Bc5 35. Rg4 Be7 36. Bb1 Rc6 37. Be4 Rd6 38. Bd3
Rc6 39. Be4 Rd6 40. Bc2 Rc6 41. Bb1 g5 42. Kd3 Kf6 43. Re4 Rd6+ 44. Kc2 Rd8
45. Ba2 Bc5 46. Bc4 Rd6 47. Bd3 Rd8 1/2-1/2

[Event "FIDE Grand Swiss 2021"]
[Site "Riga"]
[Date "05.11.2021"]
[Round "9"]
[White "Adhiban, Baskaran"]
[Black "Martirosyan, Haik M."]
[Result "0-1"]
[WhiteElo "2672"]
[BlackElo "2624"]

1. e4 e5 2. Nf3 Nc6 3. Bc4 Bc5 4. d3 Nf6 5. Bg5 h6 6. Bh4 d6 7. c3 a6 8.
Nbd2 Ba7 9. O-O g5 10. Bg3 Nh7 11. Kh1 Nf8 12. d4 Ng6 13. dxe5 dxe5 14. Bd5
f6 15. Nh4 gxh4 16. Qh5 Ne7 17. f4 hxg3 18. fxe5 Qd7 19. e6 Qb5 20. a4 Qc5
21. Rxf6 gxh2 22. Nf3 Rg8 23. Rd1 Bxe6 24. Bxe6 Qxh5 25. Bd7+ Kd8 26. Bg4+
Qd5 27. exd5 Bc5 28. b4 Bd6 29. Nd4 Nxd5 30. Rf7 Ne5 31. Ne6+ Ke8 0-1

[Event "FIDE Grand Swiss 2021"]
[Site "Riga"]
[Date "05.11.2021"]
[Round "9"]
[White "Paravyan, David"]
[Black "Bartel, Mateusz"]
[Result "0-1"]
[WhiteElo "2642"]
[BlackElo "2597"]

1. d4 d5 2. c4 e6 3. Nc3 Nf6 4. Nf3 Nbd7 5. Bg5 h6 6. Bh4 Be7 7. e3 O-O 8.
h3 c6 9. Qc2 dxc4 10. Bxc4 b5 11. Bd3 Bb7 12. O-O Rc8 13. Rad1 b4 14. Na4
c5 15. dxc5 Qc7 16. Nd4 Nxc5 17. Nxc5 Qxc5 18. Qxc5 Rxc5 19. Nb3 Rh5 20.
Bg3 Rg5 21. Be2 Bd5 22. h4 Rxg3 23. fxg3 Ne4 24. Bf3 Nxg3 25. Rf2 Bxb3 26.
axb3 Bc5 27. Rd3 Nf5 28. Re2 Nxh4 29. Rc2 Bb6 30. Kf2 Ng6 31. Ke2 Ne5 32.
Rd1 g5 33. Rdc1 g4 34. Bb7 Kg7 35. g3 Rd8 36. Rd2 Rxd2+ 37. Kxd2 h5 38. Ke2
Nd7 39. Be4 Nc5 40. Bc2 f5 41. Kf2 Kf6 42. Kg2 Kg5 43. Rh1 Bc7 44. Ra1 Bb6
45. Rh1 e5 46. Rd1 e4 47. Rd5 Kf6 48. Kf2 Ke6 49. Rd4 a5 50. Rc4 Ke5 51.
Ke2 Ba7 52. Rd4 Bb6 53. Rd1 Ne6 54. Rd7 Nc7 55. Re7+ Kf6 56. Rh7 Nd5 57.
Rxh5 Ke5 58. Rh8 Nxe3 59. Rb8 Nd5 60. Re8+ Kd6 61. Rf8 Ke6 62. Re8+ Ne7 63.
Bd1 Bd4 64. Kf1 Bxb2 65. Be2 Be5 66. Kg2 Bc7 67. Bc4+ Kd6 68. Rf8 Ke5 69.
Re8 Kd6 70. Rf8 Nd5 71. Kf2 Bb6+ 72. Ke2 Nc3+ 73. Ke1 Ke5 74. Bg8 Bc5 75.
Ra8 e3 76. Rxa5 Kd4 77. Ra8 Bd6 78. Rd8 Kc5 79. Rc8+ Kb6 80. Re8 Bxg3+ 81.
Kf1 f4 82. Bf7 Nb1 83. Ke2 Bf2 84. Kd3 f3 85. Bh5 e2 86. Bxg4 e1=Q 87. Rxe1
Bxe1 88. Bxf3 Kc5 89. Bh5 Kd5 90. Bf7+ Ke5 91. Bg8 Kf4 92. Bd5 Bc3 93. Kc2
Nd2 94. Kd3 Nf3 95. Ba8 Ne5+ 96. Ke2 Bd4 97. Bh1 Kf5 98. Bd5 Kf6 99. Bg8
Ke7 100. Bd5 Kd6 101. Bg8 Kc5 102. Be6 Bg1 103. Kf1 Bh2 104. Ke2 Bf4 105.
Kd1 Kd4 106. Kc2 Ke3 107. Bd5 Nd3 108. Bc4 Ne5 109. Bb5 Bg3 110. Ba6 Be1
111. Bb5 Bc3 112. Ba6 Nf3 113. Bc4 Nd4+ 114. Kc1 Be1 115. Bg8 Kd3 116. Kb2
Bh4 117. Bc4+ Kd2 118. Bg8 Bf6 119. Bc4 Nc2+ 120. Ka2 Ne1 121. Kb1 Nd3 122.
Bg8 Kc3 123. Bf7 Bg5 124. Bg8 Nc1 0-1

[Event "FIDE Grand Swiss 2021"]
[Site "Riga"]
[Date "05.11.2021"]
[Round "9"]
[White "Gukesh, D"]
[Black "Gretarsson, Hjorvar Steinn"]
[Result "1/2-1/2"]
[WhiteElo "2640"]
[BlackElo "2577"]

1. d4 Nf6 2. c4 e6 3. Nf3 d5 4. Nc3 c6 5. Bg5 Nbd7 6. e3 h6 7. Bh4 Be7 8.
Qc2 O-O 9. Be2 dxc4 10. Bxc4 b5 11. Bd3 Bb7 12. O-O Rc8 13. Rfd1 b4 14.
Bxf6 Nxf6 15. Ne4 c5 16. dxc5 Bxe4 17. Bxe4 Qe8 18. Bd3 Rxc5 19. Qe2 Qb8
20. Nd4 Rd8 21. g3 Bf8 22. Rd2 h5 23. h3 Qb6 24. Rad1 a5 25. Bc2 e5 26. Nf3
Rxd2 27. Rxd2 e4 28. Nd4 g6 29. h4 Bd6 30. Qd1 Be5 31. Bb3 Kg7 32. Kg2 Rc7
33. Ne2 Ng4 34. Nd4 Qf6 35. Qe2 Rc5 36. f3 exf3+ 37. Nxf3 Rc7 38. Ng5 Re7
39. e4 Qb6 40. Qf3 Bf6 41. Qf4 Qc6 42. Re2 Qb5 43. Rd2 Qc6 44. Re2 a4 45.
Bd1 Be5 46. Qf3 Rd7 47. Bc2 Qb5 48. Nh3 Bc7 49. Ng1 Bb6 50. e5 Nxe5 51. Qe4
Re7 52. Nf3 Nc6 53. Bd3 Qc5 54. Rc2 Rxe4 55. Rxc5 Bxc5 56. Bxe4 Ne7 57. Ne5
f5 58. Bf3 a3 59. bxa3 bxa3 60. Bd1 Nd5 61. Bb3 Nc3 62. Kf3 Nb5 63. Kg2 Bd4
64. Nd3 Be3 65. Ne5 Bc5 66. Nd3 Bd6 67. Nc1 Nc3 68. Bc4 Kf6 69. Ne2 Ne4 70.
Bd5 Be5 71. Kf3 Nd6 72. Kg2 Ke7 73. Kf3 Ne8 74. Bb3 Nf6 75. Kg2 Ne8 76. Kf3
Nc7 77. Kg2 Ne6 78. Kf3 Kf6 79. Kg2 Bb8 80. Bc4 Nc5 81. Bd5 g5 82. hxg5+
Kxg5 83. Kh3 Nd3 84. Bc4 Nf2+ 85. Kg2 Ne4 86. Kh3 Be5 87. Bd5 Bd6 88. Bc4
Bb4 89. Bd5 Be1 90. Be6 Kf6 91. Bc4 Ke5 92. Bb3 Kf6 93. Bd5 Kg5 94. Be6
Nf2+ 95. Kg2 Ne4 96. Kh3 1/2-1/2

[Event "FIDE Grand Swiss 2021"]
[Site "Riga"]
[Date "05.11.2021"]
[Round "9"]
[White "Neiksans, Arturs"]
[Black "Abasov, Nijat"]
[Result "1/2-1/2"]
[WhiteElo "2570"]
[BlackElo "2638"]

1. e4 c5 2. Nf3 e6 3. d4 cxd4 4. Nxd4 Nf6 5. Nc3 Nc6 6. Ndb5 d6 7. Bf4 e5
8. Bg5 a6 9. Na3 b5 10. Nd5 Be7 11. Bxf6 Bxf6 12. c4 b4 13. Nc2 O-O 14. Be2
a5 15. O-O Bg5 16. Bg4 Bb7 17. Qd3 g6 18. Rad1 h5 19. Bh3 Ne7 20. Nce3 Nc6
21. Nc2 Ne7 22. Nce3 Nc6 23. Nc2 1/2-1/2

[Event "FIDE Grand Swiss 2021"]
[Site "Riga"]
[Date "05.11.2021"]
[Round "9"]
[White "Jumabayev, Rinat"]
[Black "Van Foreest, Lucas"]
[Result "1-0"]
[WhiteElo "2658"]
[BlackElo "2543"]

1. d4 g6 2. e4 Bg7 3. Nc3 d6 4. Be3 a6 5. Qd2 b5 6. a4 b4 7. Nd1 a5 8. c3
Nf6 9. f3 bxc3 10. bxc3 O-O 11. Bd3 Nfd7 12. Ne2 c5 13. O-O Na6 14. Nb2
cxd4 15. cxd4 Nb4 16. Bb5 f5 17. exf5 Rxf5 18. Nc4 Ba6 19. Bxd7 Qxd7 20.
Nb6 Qb7 21. Nxa8 Qxa8 22. Ng3 Rd5 23. Rfd1 Qc6 24. Ne4 Qd7 25. Rac1 Rf5 26.
Bh6 Nd3 27. Qa2+ e6 28. Bxg7 Nxc1 29. Rxc1 Kxg7 30. Qb2 Rd5 31. Qb8 1-0

[Event "FIDE Grand Swiss 2021"]
[Site "Riga"]
[Date "05.11.2021"]
[Round "9"]
[White "Adly, Ahmed"]
[Black "Bjerre, Jonas Buhl"]
[Result "1-0"]
[WhiteElo "2602"]
[BlackElo "2569"]

1. d4 Nf6 2. Nf3 d5 3. c4 e6 4. g3 dxc4 5. Bg2 a6 6. O-O Nc6 7. e3 Rb8 8.
Qe2 b5 9. b3 cxb3 10. axb3 Bd6 11. Bb2 Nb4 12. e4 Be7 13. Nc3 Bb7 14. Rad1
O-O 15. Ne5 Re8 16. Qf3 Nc6 17. Nxc6 Bxc6 18. d5 exd5 19. e5 Nd7 20. Nxd5
Bf8 21. Nf6+ Qxf6 22. Qxf6 gxf6 23. Bxc6 Nxe5 24. Bxe8 Rxe8 25. f4 Ng4 26.
Rfe1 Bc5+ 27. Kg2 Rxe1 28. Rxe1 a5 29. h3 Ne3+ 30. Kf3 Nd5 31. Rd1 Nb6 32.
Bxf6 Bd6 33. Bd8 1-0

[Event "FIDE Grand Swiss 2021"]
[Site "Riga"]
[Date "05.11.2021"]
[Round "9"]
[White "Goryachkina, Aleksandra"]
[Black "Meshkovs, Nikita"]
[Result "1/2-1/2"]
[WhiteElo "2602"]
[BlackElo "2550"]

1. c4 e6 2. Nc3 d5 3. d4 a6 4. cxd5 exd5 5. Bf4 Nf6 6. e3 Bd6 7. Bg5 c6 8.
Bd3 Nbd7 9. Nge2 O-O 10. h3 Re8 11. Qc2 Nf8 12. Bf4 Bxf4 13. Nxf4 Ng6 14.
O-O-O Nxf4 15. exf4 Qd6 16. Ne2 Ne4 17. Rhf1 h6 18. Kb1 Qf6 19. f3 Nd6 20.
g4 Bd7 21. Qc1 Qe7 22. f5 Qe3 23. Qc5 Rad8 24. Ng3 Nb5 25. Bxb5 cxb5 26.
Qb4 b6 27. Qe1 b4 28. Qxe3 Rxe3 29. Rde1 Rde8 30. Rxe3 Rxe3 31. Kc2 Bb5 32.
Rf2 Kf8 33. h4 Re1 34. b3 Ra1 35. Kb2 Rd1 36. Nh5 Rxd4 37. Kc2 g6 38. fxg6
fxg6 39. Ng3 Kf7 40. h5 gxh5 41. Nxh5 Bd3+ 42. Kd2 Bg6+ 43. Ke3 Rd1 44. Ng3
d4+ 45. Kf4 Bb1 46. Nf5 Bxf5 47. Kxf5 a5 48. Rh2 d3 49. Kf4 Re1 50. Rd2 Re2
51. Rxd3 Rxa2 52. Ke5 Ke7 53. f4 a4 54. bxa4 Rxa4 55. Rh3 Ra5+ 56. Kd4 Rb5
57. Kc4 1/2-1/2

[Event "FIDE Grand Swiss 2021"]
[Site "Riga"]
[Date "05.11.2021"]
[Round "9"]
[White "Georgiev, Kiril"]
[Black "Miezis, Normunds"]
[Result "1-0"]
[WhiteElo "2577"]
[BlackElo "2467"]

1. d4 Nf6 2. c4 e6 3. Nf3 Bb4+ 4. Bd2 a5 5. Nc3 O-O 6. Bg5 d5 7. e3 h6 8.
Bh4 Be7 9. Bd3 c5 10. dxc5 Na6 11. cxd5 Nxc5 12. Bxf6 Bxf6 13. Bc4 exd5 14.
Nxd5 Bxb2 15. Rb1 Ba3 16. Qd4 Bf5 17. Rb5 Rc8 18. O-O Bd7 19. Rbb1 Bf5 20.
Rbd1 Ne6 21. Qc3 Bd6 22. Qb3 Be4 23. Rfe1 Bxf3 24. gxf3 Qg5+ 25. Kf1 Bxh2
26. Ke2 Rfe8 27. Rh1 Qg2 28. Bb5 Bg3 29. Rhf1 Ng5 30. e4 Re5 31. Bd7 a4 32.
Qd3 Rd8 33. Qe3 Nxe4 34. fxe4 Rxe4 35. Bf5 Rde8 36. Bxe4 Rxe4 37. Kd3 Rxe3+
38. Nxe3 Qh2 39. fxg3 Qxa2 40. Rb1 Qe6 41. g4 a3 42. Rfc1 b5 43. Rb4 a2 44.
Nc2 Qc6 45. Ra1 Kh7 46. Kd2 Qc5 47. Kc1 f5 48. gxf5 Qxf5 49. Rxa2 Qf1+ 50.
Kb2 Qf6+ 51. Rd4 h5 52. Ra5 Qe5 53. Ra3 Kh6 54. Ra6+ g6 55. Rd6 b4 56. Kb3
Qc5 57. Nxb4 Qb5 58. R6d5 Qf1 59. Nd3 Qd1+ 60. Kc3 Qf3 61. Rd6 Qe3 62. Kc4
Qe2 63. Kc3 Qe3 64. Rf4 Qg3 65. Rdd4 Kg5 66. Kd2 Kh6 67. Rfe4 Qg2+ 68. Kc3
Qg3 69. Kd2 Qg2+ 70. Ke3 Qg5+ 71. Nf4 Qg1+ 72. Ke2 Qh2+ 73. Kd3 Qg3+ 74.
Kc4 Qf2 75. Re6 Qf1+ 76. Kc5 Qc1+ 77. Kd5 Kg5 78. Rxg6+ Kf5 79. Rh6 Qb1 80.
Rxh5+ Kg4 81. Kc6 Qa1 82. Rhd5 Qa8+ 83. Kd7 Qb7+ 84. Kd8 Qa8+ 85. Ke7 Qa7+
86. Kf6 Qa6+ 87. Ne6+ Kf3 88. Rd3+ Ke2 89. Ke5 Qa1+ 90. Kf5 Qb1 91. Nf4+
Kf2 92. Re5 Kf1 93. Kg4 Qa1 94. Re7 Qb1 95. Rf3+ Kg1 96. Nd3 1-0

[Event "FIDE Grand Swiss 2021"]
[Site "Riga"]
[Date "06.11.2021"]
[Round "10"]
[White "Vachier-Lagrave, Maxime"]
[Black "Caruana, Fabiano"]
[Result "1/2-1/2"]
[WhiteElo "2763"]
[BlackElo "2800"]

1. e4 e5 2. Nf3 Nc6 3. Bb5 a6 4. Ba4 Nf6 5. O-O Be7 6. Re1 b5 7. Bb3 O-O 8.
a4 Bb7 9. d3 d6 10. Bd2 b4 11. c3 Rb8 12. cxb4 Bc8 13. b5 axb5 14. axb5
Rxb5 15. h3 Rb8 16. Nc3 Be6 17. Nd5 Bxd5 18. Bxd5 Nxd5 19. exd5 Nb4 20. Qb3
c5 21. Ra4 Na6 22. Qa2 Nc7 23. Ba5 Qd7 24. Bxc7 Qxc7 25. Nd2 Qb7 26. Ra7
Qb4 27. Rd1 Rb7 28. Nc4 Rxa7 29. Qxa7 Qb3 30. Re1 Qxd3 31. Qxe7 Qxc4 32.
Qxd6 Qd4 33. Qxe5 Qxe5 34. Rxe5 f6 35. Rf5 Rb8 36. d6 Rxb2 37. Rxc5 Rd2 38.
Rc8+ Kf7 39. Rc7+ Kf8 40. Rd7 g5 41. g3 h5 42. h4 gxh4 43. gxh4 Ke8 44. Rh7
Rxd6 45. Rxh5 Kf7 46. Kg2 Kg6 47. Ra5 Rd3 48. h5+ Kh6 49. f3 Rd1 50. Kg3
Rg1+ 51. Kf4 Rh1 52. Rf5 Rh4+ 1/2-1/2

[Event "FIDE Grand Swiss 2021"]
[Site "Riga"]
[Date "06.11.2021"]
[Round "10"]
[White "Vitiugov, Nikita"]
[Black "Oparin, Grigoriy"]
[Result "0-1"]
[WhiteElo "2727"]
[BlackElo "2654"]

1. d4 Nf6 2. c4 e6 3. Nc3 Bb4 4. a3 Bxc3+ 5. bxc3 c5 6. f3 Nc6 7. e4 d6 8.
Be3 b6 9. Bd3 e5 10. d5 Na5 11. Ne2 Kd7 12. O-O Kc7 13. f4 Ng4 14. Bd2 exf4
15. Bxf4 f6 16. Nd4 Ne5 17. Nb5+ Kb7 18. Bxe5 dxe5 19. d6 Rb8 20. Be2 Be6
21. Nc7 Bf7 22. Rb1 Qd7 23. Bg4 Qc6 24. Be6 Bxe6 25. Nxe6 Nxc4 26. Qg4 Rhg8
27. d7 Ne3 28. Qh3 Nxf1 29. Rxf1 Qxe4 30. Qh5 Rgd8 31. Rd1 g6 32. Qxh7 Qe2
33. Rb1 Qc2 34. Rf1 Qd3 35. Nxd8+ Rxd8 36. Qe7 Rxd7 37. Qxf6 Qxc3 38. Qxg6
Qe3+ 39. Kh1 c4 40. Qe6 Qd3 41. Kg1 c3 42. Qxe5 c2 43. Rc1 Qd1+ 44. Kf2
Qd2+ 45. Kg3 Rd3+ 46. Kh4 Qxg2 0-1

[Event "FIDE Grand Swiss 2021"]
[Site "Riga"]
[Date "06.11.2021"]
[Round "10"]
[White "Shirov, Alexei"]
[Black "Yu, Yangyi"]
[Result "1/2-1/2"]
[WhiteElo "2659"]
[BlackElo "2704"]

1. e4 c5 2. Nc3 d6 3. d4 cxd4 4. Qxd4 Nc6 5. Qd2 Nf6 6. b3 e5 7. Bb2 Be7 8.
g3 Nd4 9. Bg2 b5 10. Nge2 Nxe2 11. Qxe2 b4 12. Nd1 a5 13. Ne3 O-O 14. a4
Ba6 15. Qd2 Bb7 16. f3 Qc7 17. O-O-O Rfd8 18. Nf5 Rac8 19. Bh3 Bf8 20. Ne3
Ra8 21. Kb1 g6 22. Rhe1 Bh6 23. Qe2 Ba6 24. Qg2 Bxe3 25. Rxe3 d5 26. Ree1
dxe4 27. f4 Bb7 28. Bxe5 Qe7 29. Kc1 Rxd1+ 30. Rxd1 Nd5 31. Qd2 e3 32. Qd3
Rd8 33. Bg4 f6 34. Bb2 Rd6 35. Bf3 Kg7 36. Bxd5 Rxd5 37. Qe2 Rxd1+ 38. Kxd1
Qe4 39. Kc1 Ba6 40. Qd1 Qe7 41. Bd4 e2 42. Qe1 Qe4 43. Bf2 Bc8 44. Kd2 Bg4
45. h3 Qd5+ 46. Ke3 Qe6+ 47. Kd2 Qd5+ 48. Ke3 Bf5 49. Kxe2 Qe4+ 50. Be3
Qxc2+ 51. Qd2 Qxb3 52. g4 Be6 53. Qd6 Qc4+ 54. Kf2 Qa2+ 55. Kg3 Qd5 56.
Qe7+ Bf7 57. g5 Qe6 58. gxf6+ Qxf6 59. Qc5 Qf5 60. Qxf5 gxf5 61. Bb6 Kf6
62. Bxa5 b3 63. Bc3+ Ke6 64. Kh4 h6 1/2-1/2